| 000 | 00627nam a2200181Ia 4500 | ||
|---|---|---|---|
| 999 |
_c59447 _d59447 |
||
| 003 | GCL | ||
| 005 | 20240530110232.0 | ||
| 008 | 140319s1992 le 000 0 ara d | ||
| 040 |
_aGCL / _cGCL |
||
| 082 | 0 | 4 |
_a928/ _bق م _221 |
| 100 | 0 | _aقدرى قلعجى | |
| 245 | 1 | 0 |
_aمن اعلام الفكر العالمى / _cقدرى قلعجى |
| 260 |
_aبيروت: _bشركة المطبوعات للتوزيع والنشر ، _c1992. |
||
| 300 |
_a167 ص. ؛ _c24 سم. |
||
| 650 | 0 | 7 |
_2qrmak _aالادباء الاوربيون _vتراجم |
| 650 | 0 | 4 |
_2qrmak _aالشعراء الاوربيين _vتراجم |
| 942 |
_2ddc _cBK |
||